000 00476cam a2200193ua 4500
020 _c9.00
041 _aeng
_h
082 _a519.062
_bVEN/EN
100 _aVenkataraman, M K .
245 _aEngineering mathematics /
_cM K Venkataraman.
_hTextual Documents
250 _a1 /
_b.
260 _aChennai :
_bThe National Publishing Co ,
_c1964.
300 _a451 ; .
365 _a9.00
504 _a
942 _cBK
999 _c9841
_d9841